ESSENTIALS IN HEMATOLOGY AND CLINICAL PATHOLOGY (Record no. 9017)

MARC details
000 -LEADER
fixed length control field 00518nam a22001817a 4500
005 - DATE AND TIME OF LATEST TRANSACTION
control field 20251204163351.0
008 - FIXED-LENGTH DATA ELEMENTS--GENERAL INFORMATION
fixed length control field 251203b |||||||| |||| 00| 0 eng d
020 ## - INTERNATIONAL STANDARD BOOK NUMBER
ISBN 978-93-5152-423-6
041 ## - LANGUAGE CODE
Language code of text/sound track or separate title eng
082 ## - DEWEY DECIMAL CLASSIFICATION NUMBER
Classification number 616.075- NAY-E
100 ## - MAIN ENTRY--AUTHOR NAME
Personal name NAYAK, RAMADAS AND RAI, SHARMA
245 ## - TITLE STATEMENT
Title ESSENTIALS IN HEMATOLOGY AND CLINICAL PATHOLOGY
250 ## - EDITION STATEMENT
Edition statement 2ND ED. 2017
260 ## - PUBLICATION, DISTRIBUTION, ETC. (IMPRINT)
Place of publication NEW DELHI
Name of publisher JAYPEE BROTHERS DISTRIBUTERS PVT LTD
300 ## - PHYSICAL DESCRIPTION
Number of Pages 591;P
650 ## - SUBJECT ADDED ENTRY--TOPICAL TERM
Topical Term PARAMEDICAL
General subdivision BMIRT
942 ## - ADDED ENTRY ELEMENTS (KOHA)
Koha item type Books
Holdings
Lost status Damaged status Collection code Home library Current library Shelving location Date acquired Source of acquisition Cost, normal purchase price Serial Enumeration / chronology Full call number Accession Number Koha item type
    PARAMEDICAL JRU Library JRU Library SHELF-106-C 01/12/2025 PURCHASE 1225.00 LBI-000811/28-11-2025 616.075- NAY 29225 Books
    PARAMEDICAL JRU Library JRU Library SHELF-106-C 01/12/2025 PURCHASE 1225.00 LBI-000811/28-11-2025 616.075- NAY 29226 Books
    PARAMEDICAL JRU Library JRU Library SHELF-106-C 01/12/2025 PURCHASE 1225.00 LBI-000811/28-11-2025 616.075- NAY 29227 Books